| 000 | 00824nam a2200193 u 4500 | ||
|---|---|---|---|
| 001 | 000646264 | ||
| 003 | AM-YeHGA | ||
| 005 | 20250617141021.0 | ||
| 008 | 090326s1906 ||| r 000 0 rus d | ||
| 040 | _aAM-YeHGA | ||
| 041 | 1 |
_arus _hger |
|
| 100 | 1 |
_aЗомбарт, Вернер _d1863-1941 |
|
| 245 | 1 | 0 |
_aХронологическая таблица социiальнаго движенiя : _b(1750-1905) / _cВернер Зомбарт; Пер. Ф.Н. Латернера. |
| 260 |
_aСанкт-Петербург _fтип. Спб. т-ва печ. и изд. дела "Труд" _c1906. |
||
| 300 | _a51 с. | ||
| 653 | 0 | _aСоциальное движение - Хронологическая таблица | |
| 700 | 1 |
_aЛатернер, Федор Ноэлевич _d1876-1925 _eпер. _4trl |
|
| 090 | _c232441 | ||
| 999 |
_c230887 _d230887 |
||